Introductory mathematical analysis : (Record no. 14706)

MARC details
000 -LEADER
fixed length control field 01366nam a22003615a 4500
003 - CONTROL NUMBER IDENTIFIER
control field EG-ScBUE
005 - DATE AND TIME OF LATEST TRANSACTION
control field 20191214095220.0
008 - FIXED-LENGTH DATA ELEMENTS--GENERAL INFORMATION
fixed length control field 080918t2011 maua f 001 0 eng d
020 ## - INTERNATIONAL STANDARD BOOK NUMBER
International Standard Book Number 9780321643889
020 ## - INTERNATIONAL STANDARD BOOK NUMBER
International Standard Book Number 0321643887
040 ## - CATALOGING SOURCE
Original cataloging agency EG-ScBUE
Language of cataloging eng
Description conventions rda
Transcribing agency EG-ScBUE
Modifying agency EG-ScBUE
082 04 - DEWEY DECIMAL CLASSIFICATION NUMBER
Classification number 515
Item number HAE
Edition number 22
100 1# - MAIN ENTRY--PERSONAL NAME
Personal name Haeussler, Ernest F,
Relator term author.
9 (RLIN) 19894
245 10 - TITLE STATEMENT
Title Introductory mathematical analysis :
Remainder of title for business, economics and the life and social sciences /
Statement of responsibility, etc Ernest F. Haeussler, Jr, The Pennsylvania State University, Richard S. Paul, The Pennsylvania State University, Richard J. Wood, Dalhousie University.
250 ## - EDITION STATEMENT
Edition statement Thirteenth edition.
250 ## - EDITION STATEMENT
Edition statement International edition.
264 #1 - PUBLICATION, DISTRIBUTION, ETC. (IMPRINT)
Place of publication, distribution, etc Boston :
Name of publisher, distributor, etc Prentice Hall,
Date of publication, distribution, etc [2011]
264 #4 - PUBLICATION, DISTRIBUTION, ETC. (IMPRINT)
Date of publication, distribution, etc c 2011
300 ## - PHYSICAL DESCRIPTION
Extent 1 volume (various pagings) :
Other physical details illustrations ;
Dimensions 27 cm
336 ## - CONTENT TYPE
Source rdacontent
Content type term text
Content type code txt
337 ## - MEDIA TYPE
Source rdamedia
Media type term unmediated
Media type code n
338 ## - CARRIER TYPE
Source rdacarrier
Carrier type term volume
Carrier type code nc
500 ## - GENERAL NOTE
General note Includes index.
500 ## - GENERAL NOTE
General note Includes appendices.
650 #7 - SUBJECT ADDED ENTRY--TOPICAL TERM
Topical term or geographic name as entry element Mathematical analysis.
Source of heading or term BUEsh
9 (RLIN) 19895
650 #7 - SUBJECT ADDED ENTRY--TOPICAL TERM
Topical term or geographic name as entry element Economics, Mathematical.
Source of heading or term BUEsh
9 (RLIN) 19896
650 #7 - SUBJECT ADDED ENTRY--TOPICAL TERM
Topical term or geographic name as entry element Business mathematics.
Source of heading or term BUEsh
9 (RLIN) 19897
653 ## - INDEX TERM--UNCONTROLLED
Resource For college BAEPS, Business Administration
Arrived date list December2017
655 ## - INDEX TERM--GENRE/FORM
Form subdivision Reading book
700 1# - ADDED ENTRY--PERSONAL NAME
Personal name Paul, Richard S,
Relator term author.
9 (RLIN) 19898
700 1# - ADDED ENTRY--PERSONAL NAME
Personal name Wood, R. J,
Relator term author.
9 (RLIN) 19899
942 ## - ADDED ENTRY ELEMENTS (KOHA)
Koha item type Book - Borrowing
Source of classification or shelving scheme Dewey Decimal Classification
Holdings
Withdrawn status Lost status Source of classification or shelving scheme Damaged status Not for loan Collection code Home library Current library Shelving location Date acquired Source of acquisition Total Checkouts Total Renewals Full call number Barcode Date last seen Date checked out Cost, replacement price Koha item type Price effective from Cost, normal purchase price Checked out
  Lost and Paid For Dewey Decimal Classification     Baccah Central Library Central Library First floor 23/09/2010 Purchase 18 15 515 HAE 000021862 25/09/2014 25/09/2014 225.00 Book - Borrowing      
    Dewey Decimal Classification     Baccah Central Library Central Library First floor 23/09/2010 Purchase 2   515 HAE 000021863 15/07/2025 29/09/2013   NB - Book (Non borrowing) 23/09/2010    
    Dewey Decimal Classification     Baccah Central Library Central Library First floor 23/09/2010 Purchase 4 2 515 HAE 000021864 24/01/2012 24/01/2012 225.00 Book - Borrowing   180.00 15/10/2015
    Dewey Decimal Classification     Baccah Central Library Central Library First floor 23/09/2010 Purchase 8 80 515 HAE 000021865 15/07/2025 18/10/2022   Book - Borrowing      
    Dewey Decimal Classification     Donation-Gift Central Library Central Library First floor 27/11/2017 Donation 6 45 515 HAE 000046931 15/07/2025 02/11/2021   Book - Borrowing      
    Dewey Decimal Classification     Donation-Gift Central Library Central Library First floor 13/04/2022 Donation 2 1 515 HAE 000056256 15/07/2025 12/02/2023   Book - Borrowing 13/04/2022